Catálogo

Sociología de la cultura / (Registro nro. 57005)

Detalles MARC
000 -LEADER
fixed length control field 01223cam a2200337 i 4500
001 - CONTROL NUMBER
control field 57005
003 - CONTROL NUMBER IDENTIFIER
control field Mx-PuUPA
005 - DATE AND TIME OF LATEST TRANSACTION
control field 20240410104053.0
008 - FIXED-LENGTH DATA ELEMENTS--GENERAL INFORMATION
fixed length control field 140415s2015 ag gr 001 0 spa d
020 ## - INTERNATIONAL STANDARD BOOK NUMBER
International Standard Book Number 9789501202762
040 ## - CATALOGING SOURCE
Original cataloging agency Mx-PuUPA
Language of cataloging spa
Transcribing agency Mx-PuUPA
Modifying agency Mx-PuUPA
Description conventions rda
041 1# - LANGUAGE CODE
Language code of text/sound track or separate title spa
Language code of original eng
100 1# - MAIN ENTRY--PERSONAL NAME
Personal name Williams, Raymond,
9 (RLIN) 9809
Dates associated with a name 1921-1988
Relator term autor
240 10 - UNIFORM TITLE
Uniform title Culture.
Language of a work Español
245 10 - TITLE STATEMENT
Title Sociología de la cultura /
Statement of responsibility, etc. Raymond Williams ; traducción de Graziella Baravalle
250 ## - EDITION STATEMENT
Edition statement 2° edición
264 #4 - PRODUCTION, PUBLICATION, DISTRIBUTION, MANUFACTURE, AND COPYRIGHT NOTICE
Place of production, publication, distribution, manufacture Buenos Aires, Argentina :
Name of producer, publisher, distributor, manufacturer Editorial Paidós SAICF,
Date of production, publication, distribution, manufacture, or copyright notice ©2015
300 ## - PHYSICAL DESCRIPTION
Extent 207 páginas ;
Dimensions 23 cm
336 ## - CONTENT TYPE
Content type term texto
Fuente rdacontent
Content type code txt
337 ## - MEDIA TYPE
Media type term sin medio
Source rdamedia
Media type code n
338 ## - CARRIER TYPE
Carrier type term volumen
Source rdacarrier
Carrier type code nc
490 0# - SERIES STATEMENT
Series statement Paidós Espacios del saber
650 #4 - SUBJECT ADDED ENTRY--TOPICAL TERM
Topical term or geographic name entry element Cultura
650 #4 - SUBJECT ADDED ENTRY--TOPICAL TERM
Topical term or geographic name entry element Estudios interculturales
700 1# - ADDED ENTRY--PERSONAL NAME
Personal name Baravalle, Graziella,
Relator term traductor
9 (RLIN) 4752
765 18 - ORIGINAL LANGUAGE ENTRY
Main entry heading Williams, Raymond,
Place, publisher, and date of publication [Lugar de publicación no identificado] : HarperCollins Publishers Ltd, 1981
Title Culture.
942 ## - ADDED ENTRY ELEMENTS (KOHA)
Source of classification or shelving scheme Dewey Decimal Classification
Koha item type Libro
Classification part 306
Item part W664
Existencias
Withdrawn status Lost status Source of classification or shelving scheme Damaged status Not for loan Collection code Home library Current library Shelving location Date acquired Total Checkouts Full call number Barcode Date last seen Price effective from Koha item type Source of acquisition Cost, normal purchase price Cost, replacement price Copy number
    Dewey Decimal Classification     General Biblioteca Karol Wojtyla Biblioteca Karol Wojtyla Sala general 19/08/2021   306 W664 2015 100101 05/01/2026 19/08/2021 Libro 1 360.00 360.00  
    Dewey Decimal Classification     General Biblioteca Karol Wojtyla Biblioteca Karol Wojtyla Sala general 19/08/2021   306 W664 2015 100102 05/01/2026 19/08/2021 Libro 1 360.00 360.00 Ej.2
    Dewey Decimal Classification     General Tehuacán Tehuacán Sala general 26/08/2019   306 W664 2015 968000000237 08/01/2025 26/08/2019 Libro